Manažment predvýrobných etáp

Gespeichert in:
Bibliographische Detailangaben
1. Verfasser: Leščišin, Michal
Körperschaft: Vysoká škola ekonomická v Bratislave. Fakulta ekonomiky a riadenia výrobných odvetví
Format: Buch
Sprache:Slowakisch
Veröffentlicht: Bratislava VŠE 1991
Ausgabe:1. vyd.
Tags: Tag hinzufügen
Keine Tags, Fügen Sie das erste Tag hinzu!

MARC

LEADER 00000nam a2200000 4500
001 c023891
005 20250910125712.3
041 0 |a slo 
044 |a SK 
245 1 0 |a Manažment predvýrobných etáp  |c Michal Leščišin a kol. 
250 |a 1. vyd. 
264 1 |a Bratislava  |b VŠE  |c 1991 
300 |a 172 s. 
100 1 |a Leščišin, Michal 
710 2 |a Vysoká škola ekonomická v Bratislave. Fakulta ekonomiky a riadenia výrobných odvetví